000 01399nam a2200337 a 4500
001 ebr10698271
003 CaPaEBR
006 m o u
007 cr cn|||||||||
008 080529s2008 nyuad sb 001 0 eng d
010 _z 2008023109
020 _z9781604568400 (hbk.)
020 _z1604568402 (hbk.)
020 _z9781616681012 (e-book)
040 _aCaPaEBR
_cCaPaEBR
035 _a(OCoLC)849928104
050 1 4 _aQC981.8.C5
_bC2195 2008eb
082 0 4 _a363.738/74526
_222
100 1 _aClarke, Matthew,
_d1969-
245 1 0 _aPost-Kyoto
_h[electronic resource] :
_bdesigning the next international climate change protocol /
_cMatthew Clarke.
260 _aNew York :
_bNova Science Publishers,
_cc2008.
300 _a158 p. :
_bill. (some col.)
504 _aIncludes bibliographical references (p. [137]-143) and index.
533 _aElectronic reproduction.
_bPalo Alto, Calif. :
_cebrary,
_d2013.
_nAvailable via World Wide Web.
_nAccess may be limited to ebrary affiliated libraries.
650 0 _aClimatic changes
_xGovernment policy.
650 0 _aGreenhouse gas mitigation
_xInternational cooperation.
650 0 _aEnvironmental policy
_xInternational cooperation.
655 7 _aElectronic books.
_2local
710 2 _aebrary, Inc.
856 4 0 _uhttp://site.ebrary.com/lib/rucke/Doc?id=10698271
_zAn electronic book accessible through the World Wide Web; click to view
999 _c7598
_d7598